Statistics for Top 50 Jay-Z Songs

Click here to take the quiz!

General Stats

  • This quiz has been taken 119 times
  • The average score is 13 of 50

Answer Stats

#AlbumSong% Correct
4The Black Album99 Problems
82%
9Vol. 2...Hard Knock LifeHard Knock Life
71%
13The Blueprint 3Empire State of Mind
66%
1Reasonable DoubtDead Presidents II
55%
18The BlueprintIzzo (H.O.V.A)
52%
5Reasonable DoubtCan't Knock The Hustle
50%
7The Black AlbumEncore
48%
3The BlueprintSong Cry
47%
12Reasonable DoubtBrooklyn's Finest
45%
17The BlueprintGirls, Girls, Girls
43%
10The Black AlbumDirt Off Your Shoulder
42%
11The BlueprintTakeover
42%
6The BlueprintRenegade
41%
20Watch The ThroneOtis
37%
25The Blueprint 3Run This Town
36%
33The Black AlbumDecember 4th
34%
19Reasonable DoubtD'Evils
34%
8The BlueprintHeart Of The City (Ain't No Love)
34%
2Reasonable DoubtCan I Live
33%
14Reasonable DoubtFeelin' It
27%
28The Black AlbumPublic Service Announcement (Interlude)
25%
36The BlueprintThe Ruler's Back
25%
39The Blueprint 2: The Gift & The Curse'03 Bonnie & Clyde
24%
16Reasonable Doubt22 Two's
21%
24Vol. 2...Hard Knock LifeCan I Get A...
21%
44The BlueprintNever Change
20%
41Reasonable DoubtRegrets
20%
21The Black AlbumMoment of Clarity
17%
27Vol 2...Hard Knock LifeMoney, Cash, Hoes
17%
30American GangsterAmerican Gangster
16%
23The Dynasty: Roc La FamiliaI Just Wanna Love U (Give It 2 Me)
16%
37The Blueprint 3On To The Next One
16%
46American GangsterBlue Magic
15%
34The BlueprintJigga That N***a
14%
15In My Lifetime, Vol. 1Where I'm From
14%
43Reasonable DoubtComing Of Age
13%
38American GangsterI Know
13%
45The BlueprintAll I Need
12%
49The Truth *Beanie SigelAnything
12%
35Kingdom ComeLost One
12%
23Life in 1472 *Jermaine DupriMoney Ain't A Thang
12%
50American GangsterFallin'
11%
26The BlueprintBlueprint (Momma Loves Me)
10%
48Vol 2...Hard Knock LifeReservoir Dogs
8%
31The Dynasty: Roc La FamiliaStreets Is Talking
5%
47American GangsterNo Hook
4%
32Vol. 3...Life and Times of Shawn CarterSo Ghetto
3%
40The Dynasty: Roc La FamiliaSoon You'll Understand
3%
29The Blueprint 2: The Gift & The CurseExcuse Me Missd
2%
42The Blueprint 2: The Gift & The CurseMeet The Parents
2%

Score Distribution

Percentile by Number Answered

Percent of People with Each Score

Your Score History

You have not taken this quiz